000 00841nam a2200229 a 4500
001 40218
003 BD-RjUL
005 20211209053150.0
008 160425s1952 bg |||| |||| 000 0 ben d
020 _c: Tk.25.00
035 _a(BD-RjUL)40333
040 _aBD-RjUL
_bben
_cBD-RjUL
041 _aben
082 _223
_aB 891.44
_bBAR 1952
100 _aবসু, সেরাজ কুমার
_9123863
245 _aরবীন্দ্র সাহিত্য হাস্যরস /
_cসেরাজ কুমার বসু
260 _aকলিকাতা :
_bহিন্দুস্থান বুক ডিপো,
_c১৯৫২.
300 _a[১৬], ১০০ পৃ.;
_c১৭ সেমি.
650 _aBengali Literature
_9123864
650 _aবাংলা সাহিত্য
_9123865
942 _2ddc
_cBK
999 _c40218
_d40218